Statistiques concernant Culture Générale - Série 1612

Cliquez ici pour prendre le quiz!

Statistiques générales

  • Ce quiz a été pris 104 fois
  • Le résultat moyen est 5 sur 10

Statistiques - réponses

QuestionRéponse% Correct
De quel organe le marteau, l'étrier et l'enclume sont-ils des osselets ?oreille
93%
Le fennec, petit mammifère que l'on rencontre dans le désert du Sahara, est aussi appelé renard des...sables
93%
Quelle ville d'Espagne abrite la fondation Joan Miró, construite par l'architecte Sert ?Barcelone
79%
Dans quel pays peut-on visiter les villes de Tijuana et Puebla ?Mexique
72%
Quelle émission de radio des années 1960 était surnommée "SLC" ?Salut les copains
69%
La devise de la ville de Morlaix dans le Finistère est : “S'ils te mordent...mords-les
39%
Quel célèbre tableau de Velásquez, peint vers 1656, montre l'infante Marguerite entourée de ses demoiselles d'honneur, de ses nains et de son chien ?Les Ménines
31%
Conjuguez le verbe plaire à la première personne du singulier, au plus-que-parfait du subjonctif ? Que ...j'eusse plu
27%
Quel est le cinquième mois du calendrier républicain ?Pluviôse
18%
Sous quel nom connait-on mieux le chanteur Hervé Forneri ?Dick Rivers
12%

Distribution des résultats

Percentile par nombre de réponses

% des personnes avec chaque résultat

Votre développement - résultats

Vous n’avez pas pris ce quiz